000
00332 a2200157 4500
001
70991
020
_a
8573895675
040
_c
Anchieta - Itaigara
100
_a
Goulart, Yedda
240
1
0
_a
Ursinho catavento
_l
por
245
1
0
_a
Ursinho catavento
300
_a
10
362
0
_a
0
650
4
_a
Literatura infantil
942
_c
BK
999
_c
70991
_d
70991